Statistics for Languages on Duolingo

Click here to take the quiz!

General Stats

  • This quiz has been taken 40 times
  • The average score is 24 of 38

Answer Stats

LearnersLanguage% Correct
17.9MFrench
94%
10.2MGerman
94%
24.4MSpanish
94%
2.79MPortuguese
91%
5.09MRussian
91%
7.06MItalian
89%
12.8MJapanese
89%
5.88MChinese
86%
1.32MPolish
86%
1.39MGreek
83%
1.41MSwedish
83%
1.76MDutch
80%
3.86MArabic
77%
10.5MKorean
77%
576KRomanian
77%
1.10MNorwegian (Bokmål)
74%
528KCzech
71%
617KDanish
71%
606KFinnish
71%
942KHebrew
69%
2.97MTurkish
69%
6.63MHindi
66%
391KHungarian
66%
1.22MUkrainian
63%
1.28MIrish
54%
1.45MLatin
54%
1.65MVietnamese
51%
420KSwahili
46%
763KIndonesian
40%
514KWelsh
34%
440KScottish Gaelic
31%
299KEsperanto
29%
308KKlingon
29%
320KYiddish
26%
304KHaitian Creole
23%
295KNavajo
23%
601KHawaiian
20%
515KHigh Valyrian
6%

Score Distribution

Percentile by Number Answered

Percent of People with Each Score

Your Score History

You have not taken this quiz